Estudios al precedente constitucional

Detalles Bibliográficos
Autor principal: Grǹdez Castro, Pedro P.
Formato: eBook
Lenguaje:español
Publicado: Lima : Editorial Palestra, 2007
Materias:
Acceso en línea:Acceso restringido

MARC

LEADER 00000nam a22000007a 4500
005 20120625132047.0
007 cr|||| ||||
008 120625s2007 pe |||||s|||| 00||0 spa d
020 |a  978-9972-224-42-3 
035 |a 6426 
040 |a vLex 
090 |c 3241  |d 3241 
100 1 |a Grǹdez Castro, Pedro P. 
245 1 0 |a Estudios al precedente constitucional  |h [Recurso electrn̤ico] /  |c Pedro P. Grǹdez Castro 
256 |a Servicio en ln̕ea 
260 |a Lima :  |b Editorial Palestra,  |c 2007 
300 |a 1 recurso electrn̤ico 
506 1 |a Contenido solo disponible en los productos indicados  |d vLex Global   |d vLex Global (Academic Edition, excluding Law Schools)   |d vLex Global (U.S. Academic Edition, Law Schools)   |d vLex Global (U.S. Academic Edition, excluding Law Schools)   |d vLex Global (Academic Edition, Law Schools)  
650 |a Derecho constitucional  |z Per︢ 
740 0 |a vLex Libros (Servicio en ln̕ea) 
856 4 0 |u http://vlex.com/source/estudios-precedente-constitucional-6426  |z Acceso restringido 
942 |c BOOK 
999 0 |a Constitutional law